000 00589nam a2200181Ia 4500
003 GCL
008 140319s9999 xx 000 0 ara d
040 _aGCL /
_cGCL
082 0 4 _a367
_bم.ج
100 1 _aمحمد المنجى
245 1 0 _aجرائم الاسكان 29 جريمة ينص عليها قانون المساكن /
_cمحمد المنجى
260 _a[S.N] :
_bمكتبه النهضه المصريه ،
_c1986
300 _a565 ص
490 _aالكتب القانونية
_v0
650 0 4 _aالقانون
650 0 4 _aالقانون المدنى
942 _2ddc
_cBK
999 _c48735
_d48735